The Office Comprehension 03 - Health Care - Statistics

General Stats
  • This quiz has been taken 13 times
  • The average score is 6 of 10
Answer Stats
Hint Answer % Correct
Who did Michael get to choose a new plan? Dwight Schrute
100%
What's the primary purpose of this new plan? Save money
91%
What food did Michael get for the office to console them? Ice-cream sandwiches
82%
Who got extra food because they weren't eligible for health care? Ryan Howard
64%
What was Michael's big surprise? There was none
64%
What did Michael insist Dwight call his temporary office? Workspace
64%
What type of alternative medicine does Michael think the new health care plan should have? Acupuncture
55%
Name one of the fictitious diseases invented by Jim and Pam spontaneous dental hydroplosion, Hot-dog fingers, Government-created killer nanorobot infection, Count Choculitis, inverted penis
45%
What dramatic art did Michael reveal himself to be a fan of? Improv
27%
Why did Dwight want to fire Jim? Jim locked him in the conference room
18%
No matching quizzes found
Score Distribution
Percent of People with Each Score
Percentile by Number Answered
Your Score History
You have not taken this quiz